000 00485nam a22001817a 4500
005 20250829154902.0
008 250829b |||||||| |||| 00| 0 eng d
037 _cTB
040 _aCRL
_cCRL
041 _2eng
_aeng
084 _qCRL
100 _aMaitra, A.K.
_9819427
245 _aEnvironmental quality of human settlements
260 _aN. Delhi, India:
_bSchool of Planning and Architecture,
_c1954.
300 _a136p.
942 _2CC
_cTB
_n0
999 _c1435001
_d1435001